000 00927nam a22003017a 4500
003 CHAP
005 20220329133312.0
008 971013s1985 r 00010 d
010 _a4593
011 _a5565
035 _a4779
040 _cCHAP
090 _aFolleto 13250
100 0 0 _aFazio, Steve.
_939889
245 _aPruning newly planted fruit producing deciduous trees
260 _aTucson, Arizona :
_bThe University of Arizona, College of Agriculture,
_c[1985 ?]
300 _a4 p.
_b: ilus
490 _aCooperative extension service
_v; Q377
500 _a53-443
590 _aBATCH-UPD
_b10
_c20130110
_lUCH01
_h1123
590 _aCONVERSION
_b10
_c20130109
_lUCH01
_h1304
650 1 4 _aArboles frutales
_xCrecimiento.
_96670
650 1 4 _aPoda.
_989467
830 0 _aCooperative extension service
_v; Q377
_927780
901 _aBK
942 _cFOLL
949 _aFolleto 13250
_bBC
_cFOLL
_d-14326
_eTS1
_i4779
_si
999 _c4593
_d4593